000 00577nam a2200217Ia 4500
003 BUBTL
008 151213s9999 xx 000 0 und d
020 _a0-8442-3189-4
082 _a659.1072/HAS
100 _aJack B.Haskins
245 _aSuccessful Advertising Research Methods
_cJack B.Haskins & Alice Kendrick
260 _aU.S.A
_bNTC
_c1992
300 _a453p . :
_b24cm.
500 _aIncludes Index .
650 _aMarketing
650 _aMarketing
700 _aJack B.Haskins
856 _k0
_l0
_yDownload
942 _2ddc
_cBK
999 _c1772
_d1772